Kirjaimella G alkavia sanoja #2 - Statistics

Yleistilastot
  • Tätä visaa on pelattu 750 kertaa
  • Keskiarvotulos 12 / 20
Vastaustilastot
Määritelmä Sana % Oikein
Kaulan katkaiseva mestauslaite Giljotiini
93%
Maapallon rakennetta ja historiaa tutkiva tiede Geologia
92%
Seinään luvatta tehty kirjoitus tai maalaus Graffiti
86%
Maailmanlaajuinen Globaali
83%
Tiiviisti asutettu köyhä kaupunginosa Getto
82%
Antiikin Rooman taisteleva esiintyjä Gladiaattori
77%
Perinteinen japanilainen vieraita viihdyttävä eräänlainen emäntä Geisha
75%
Kristillisen rytmimusiikin tyylilaji Gospel
69%
Risteymä pomelosta ja appelsiinista Greippi
66%
Miljardikertaista tarkoittava etuliite Giga
61%
Angloamerikkalainen tilavuuden mittayksikkö Gallona
55%
Lämpimien alueiden liskojen heimo Gekot
55%
Synkeänä pidetty alakulttuuri tai muinainen itägermaaninen kansa Gootti
51%
Kohtuuttoman liioiteltu tai irvokas Groteski
45%
Erityisesti korkealuokkaisten ruokien tuntemusta ja valmistusta Gastronomia
42%
Hyytelömäinen seos, joka on osittain kiinteä ja osittain nestemäinen Geeli
35%
Neuvostoliiton 1980-luvulla harjoittama avoimempi politiikka Glasnost
30%
Luku, jossa numeron 1 jälkeen on sata nollaa Googol
26%
Etelä-Amerikan vastine cowboylle Gaucho
25%
Työväenluokkaisen asuinalueen muuttuminen keskiluokkaiseksi Gentrifikaatio
14%
Ehtoja vastaavia visoja ei löytynyt
Tulosjakauma
Jokaisen tuloksen saaneiden osuus
Persentiili vastausten määrän mukaan
Tuloshistoriasi
Et ole pelannut tätä visaa